| 000 | 00603cam a2200217ua 4500 | ||
|---|---|---|---|
| 001 | 9436 | ||
| 005 | 20260515114451.0 | ||
| 008 | 150909n ii |||gr||||Z||||||asm | ||
| 040 | _cMAIN | ||
| 041 | _aasm | ||
| 082 | _a641.8 | ||
| 100 |
_aSaleh, Sarika, _eAuthor., |
||
| 245 | 1 |
_aJuti : _bSokolu upolokhyor rondhon prokoron / _cby Sarika Saleh . |
|
| 250 |
_a3rd ed. / _b Translation of Relish-cookbook for all occasions. |
||
| 260 |
_aJorhat: _bSarika Saleh, _c2009. |
||
| 300 | _a196p. | ||
| 653 | _aFood & drink | ||
| 653 | _aCookbook | ||
| 700 |
_aBaruah, Debajit, _eTranslator. |
||
| 942 | _cBK | ||
| 999 |
_c8481 _d8481 |
||